|
|
|
|
| LEADER |
00000nam a22000007a 4500 |
| 005 |
2020112007007.0 |
| 007 |
cr|||| |||| |
| 008 |
201120s2020 co |||||s|||| 00||0 spa d |
| 020 |
|
|
|a 9789585265264
|
| 035 |
|
|
|a 32212
|
| 040 |
|
|
|a vLex
|
| 090 |
|
|
|c 10907
|d 10907
|
| 100 |
1 |
|
|a Chavarro Cadena, Jorge Enrique
|
| 245 |
1 |
0 |
|a Cartilla Declaracin̤ de Renta Personas Naturales Sistema de Rentas Cedulares
|h [Recurso electrn̤ico] /
|c Jorge Enrique Chavarro Cadena
|
| 256 |
|
|
|a Servicio en ln̕ea
|
| 260 |
|
|
|a Bogot:̀
|b Grupo Editorial Nueva Legislacin̤,
|c 2020
|
| 300 |
|
|
|a 1 recurso electrn̤ico
|
| 506 |
1 |
|
|a Disponible solo en los productos indicados
|d vLex Global
|d vLex Global (Academic Edition, excluding Law Schools)
|d vLex Global (U.S. Academic Edition, Law Schools)
|d vLex Global (U.S. Academic Edition, excluding Law Schools)
|d vLex Global (Academic Edition, Law Schools)
|
| 650 |
0 |
4 |
|a Derecho Fiscal
|z Colombia
|
| 740 |
0 |
|
|a vLex Libros (Servicio en ln̕ea)
|
| 856 |
4 |
0 |
|u http://vlex.com/source/cartilla-declaracion-renta-personas-naturales-sistema-rentas-cedulares-32212
|z Acceso restringido
|
| 942 |
|
|
|c BOOK
|
| 999 |
0 |
|
|a Tax Law
|